| 000 | 00476nam a2200205Ia 4500 | ||
|---|---|---|---|
| 005 | 20250425160855.0 | ||
| 008 | 250425s9999 xx 000 0 und d | ||
| 020 | _a0070908958 | ||
| 041 | _aspa | ||
| 082 | _a574.87 | ||
| 100 | _aPENTZ, M. J. | ||
| 245 | 0 | _aCÉLULAS Y ORGANISMOS | |
| 250 | _a1A ED. | ||
| 260 | _aCALI | ||
| 260 |
_aColombia _bMCGRAW - HILL _c1974 |
||
| 300 | _a102 | ||
| 500 | _aCURSO BÁSICO DE CIENCIAS NO. 18 | ||
| 942 | _c01 | ||
| 010 | _a7350 | ||
| 999 |
_c197942 _d197942 |
||